000 00658nam a2200193 4500
001 127167
003 ES-MaACL
005 20230906192945.0
007 t|
008 070214n19001980fr r ||||1| fre d
100 1 _aRicci, Corrado (
_d1858-1934)
_996877
245 1 2 _aL'ermite blanc et autres récits /
_cCorrado Ricci ; traduits par Franco Arlotta.
250 _aNouvelle éd., avec une lettre-préface de M. Lionel de La Laurencie.
260 _a[Parisl. :
_bs. n.,
_c19--?] (
_eCannes :
_fImp. Cannoise)
300 _a90 p. ;
_c20 cm.
700 1 _aArlotta, Franco.
_922898
700 1 _aLa Laurencie, Lionel de.
_969163
852 _aES-MaACL
_jD-643
999 _c127167
_d127167